000 00468cam a22001577a 4500
008 180718b1981 xxu||||| |||| 00| 0 eng d
082 _aT4125 J131
100 _aJackman, Richard
245 _aThe economics of inflation
_cby Richard Jackman, Charles Mulvey and James Trevithick
250 _a2nd ed.
260 _aOxford
_bMArtin robertson
_c1981
300 _a211p.
650 _aInflation and deflation
700 _aTrevithick, James
700 _aMulvey, Charles
999 _c346838
_d346838